লোডিং...

Islamic state /

গ্রন্থ-পঞ্জীর বিবরন
প্রধান লেখক: Asghar ali engineer
বিন্যাস: Printed Book
প্রকাশিত: 1980.
LEADER 00403nam a2200121Ia 4500
008 150527150527b xxu||||| |||| 00| 0 eng d
100 |a Asghar ali engineer 
245 |c by Asghar ali engineer  |a Islamic state / 
260 |c 1980. 
300 |a 212 p. 
942 |c BK 
999 |c 169921  |d 169921 
952 |0 0  |1 0  |2 ddc  |4 0  |6 321_800000000000000  |7 0  |9 188550  |a ARA  |b ARA  |c ST1  |d 2015-05-27  |i 5707  |l 0  |o 321.8  |p ARA005707  |r 2015-05-27  |y BK